000
00307nam a22001337a 4500
008
181217b xxu||||| |||| 00| 0 eng d
020
_a
089529429-X
041
_a
eng
080
_a
612.39
100
_a
10
101
_a
NUT
245
_a
Prescription for Nutritional Healing
_c
Balch,J.F
942
_2
udc
_c
BK
999
_c
53179
_d
53179